| 000 | 00676nam a22002417a 4500 | ||
|---|---|---|---|
| 005 | 20220713090951.0 | ||
| 008 | 220712b ||||| |||| 00| 0 eng d | ||
| 040 | _cAloy | ||
| 041 | _aeng | ||
| 082 |
_223 _a324.954 _bBUTI |
||
| 100 |
_aDavid Butler _948503 |
||
| 100 | _948502 | ||
| 245 |
_aIndia decides: _bElections 1952-1989 |
||
| 260 |
_aNew Delhi: _bLiving Media India Ltd. _c1989 |
||
| 300 |
_avii,371p. _bHB _c28x22cm. |
||
| 365 | _2Political Science | ||
| 650 |
_aPolitical Process _948480 |
||
| 650 |
_aPolitical Science _948481 |
||
| 700 |
_aBULTER (David) _948482 |
||
| 700 |
_aLAHIRI (Ashok) _948483 |
||
| 700 |
_aROY (Prannoy) _948484 |
||
| 942 |
_2ddc _cGF |
||
| 999 |
_c223720 _d223720 |
||